Normal view
MARC view
Entry Nombre de reunión
001 - NÚMERO DE CONTROL
- campo de control: 175474
003 - IDENTIFICADOR DEL NÚMERO DE CONTROL
- campo de control: OSt
005 - FECHA Y HORA DE LA ÚLTIMA TRANSACCIÓN
- campo de control: 20220329142921.0
008 - DATOS DE LONGITUD FIJA
- campo de control de longitud fija: 220329|| aca||aabn | a|a d
040 ## - FUENTE DE LA CATALOGACIÓN
- Centro catalogador/agencia de origen: OSt
- Centro/agencia transcriptor: OSt
111 ## - ENCABEZAMIENTO--NOMBRE DE CONGRESO/REUNIÓN
- Nombre de congreso/reunión o jurisdicción como elemento de entrada: Reunión Nacional sobre Caprinocultura (
- Número del congreso/reunión o número de parte o sección: 12 :
- Fecha del congreso/reunión: 1997 :
- Sede del congreso/Lugar de la reunión: Torreón, Coah.)
670 ## - FUENTE DE DATOS ENCONTRADOS
- Cita de la fuente: Work cat.: (OSt)89629: Reunión Nacional sobre Caprinocultura ( 12 : 1997 : Torreón, Coah.), Memorias /, 1997.
